00813nam a2200193Ia 4500001001000000003000500010008004100015010001100056040000900067100001900076245016500095260013900260300001000399650003700409650003400446650002000480650002200500710009700522Para_9301CHAP220125s2006 xx 000 0 und d a208040 cCHAP aCancino, Jorge aControl de calidad en la cría masiva de Diachasmimorpha longicaudata (Hymenoptera :bBraconidae) :b fundamentos y procedimentos /c por Jorge Cancino y otros aMéxico, D.F. :b SAGARPA. Centro de Estadística Agropecuaria \ México, D.F. :b SAGARPA. Dirección General de Sanidad Vegetal a54 p. aControl biológico de insectos  aDiachasmimorpha longicaudata  aHimenópteros  aMosca de la fruta aMéxico. Secretaría de Agricultura, Ganadería, Desarrollo Rural, Pesca y Alimentación